| 000 | 01563cam a22003854a 4500 | ||
|---|---|---|---|
| 001 | 13754763 | ||
| 003 | Nust- CAS-E | ||
| 005 | 20180118181404.0 | ||
| 008 | 041019s2004 dcuab b 000 0 eng | ||
| 010 | _a 2004062292 | ||
| 020 | _a0875904130 (alk. paper) | ||
| 040 |
_aDLC _cDLC _dDLC |
||
| 042 | _apcc | ||
| 043 | _ax------ | ||
| 050 | 0 | 0 |
_aGC228.5 _b.M53 2004 |
| 082 | 0 | 0 |
_a551.1 _222 _bMID 2004 |
| 245 | 0 | 0 |
_aMid-ocean ridges : _bhydrothermal interactions between the lithosphere and oceans / _cChristopher R. German, Jian Lin, Lindsay M. Parson, editors. |
| 260 |
_aWashington, DC : _bAmerican Geophysical Union, _cc2004. |
||
| 300 |
_aviii, 318 p. : _bill. (some col.), maps (some col.) ; _c28 cm. |
||
| 440 | 0 |
_aGeophysical monograph, _x0065-8448 ; _v148 |
|
| 502 | _a0 | ||
| 504 | _aIncludes bibliographical references. | ||
| 650 | 0 | _aHydrothermal circulation (Oceanography) | |
| 650 | 0 |
_aMid-ocean ridges _xResearch. |
|
| 650 | 0 | _aHydrothermal vents. | |
| 650 | 0 | _aSea-floor spreading. | |
| 651 | 0 |
_aEarth (Planet) _xCrust. |
|
| 700 | 1 |
_aGerman, Christopher R. _q(Christopher Russell), _d1963- |
|
| 700 | 1 |
_aLin, Jian, _d1959- |
|
| 700 | 1 |
_aParson, Lindsay M. _q(Lindsay Murray), _d1954- |
|
| 856 | 4 | 1 |
_3Table of contents only _uhttp://www.loc.gov/catdir/toc/fy1001/2004062292.html |
| 906 |
_a7 _bcbc _corignew _d1 _eocip _f20 _gy-gencatlg |
||
| 942 |
_2ddc _cBK |
||
| 999 |
_c355529 _d355529 |
||